10 najmniejszych miast w Polsce - Statystyki

Ogólne statystyki
  • Ten quiz został rozwiązany 67 razy
  • Średni wynik to 4 z 10
Statystyki odpowiedzi
Województwo Powiat Liczba ludności Miasto % Poprawnych
świętokrzyskie kazimierski 329 Opatowiec
65%
świętokrzyskie buski 515 Wiślica
55%
mazowieckie białobrzeski 886 Wyśmierzyce
53%
podlaskie białostocki 988 Suraż
42%
świętokrzyskie buski 1117 Pacanów
37%
małopolskie proszowicki 782 Koszyce
33%
świętokrzyskie pińczowski 908 Działoszyce
32%
lubelskie opolski 923 Józefów nad Wisłą
27%
świętokrzyskie buski 955 Nowy Korczyn
25%
świętokrzyskie staszowski 1106 Szydłów
23%
Nie znaleziono quizów pasujących do podanych kryteriów
Rozkład punktacji
Procent ludzi z każdym wynikiem
Percentyl według liczby udzielonych odpowiedzi
Twoja historia wyników
Nie rozwiązałeś tego quizu